|
|
|
|
| LEADER |
00000nbm0a2200000 4500 |
| 001 |
363464 |
| 005 |
20231102011607.0 |
| 035 |
|
|
|a (RuTPU)RU\TPU\retro\20811
|
| 090 |
|
|
|a 363464
|
| 100 |
|
|
|a 20211001d1958 k y0rusy50 ca
|
| 101 |
0 |
|
|a rus
|
| 102 |
|
|
|a RU
|
| 105 |
|
|
|a a dm 001zy
|
| 200 |
1 |
|
|a Девонские кораллы Rugosa Саяно-Алтайской горной системы
|e автореферат диссертации на соискание ученой степени доктора геолого-минералогических наук наук
|f В. А. Ивания
|g Ленинградский государственный университет
|
| 210 |
|
|
|a Ленинград
|c [Б. и.]
|d 1958
|
| 215 |
|
|
|a 28 л.
|c ил.
|
| 316 |
|
|
|5 63413507: КР-7249
|a На обложке надпись: "Члену Ученого совета ГРФ ТПИ, профессору, доктору геолого-минералогических наук К. В. Радугину"
|
| 317 |
|
|
|5 63413507: КР-7249
|a Поступил в НТБ в 2004 г. в составе книжного собрания кафедры общей геологии
|
| 320 |
|
|
|a Библиогр.: с. 27-28 (19 назв.)
|
| 606 |
1 |
|
|a Кораллы ископаемые
|2 stltpush
|3 (RuTPU)RU\TPU\subj\15689
|9 41907
|
| 606 |
1 |
|
|a Девонские отложения
|2 stltpush
|3 (RuTPU)RU\TPU\subj\9844
|9 37007
|
| 610 |
1 |
|
|a геология
|
| 610 |
1 |
|
|a Саяно-Байкальская горная область
|
| 610 |
1 |
|
|a стратиграфия
|
| 610 |
1 |
|
|a ругозы
|
| 610 |
1 |
|
|a фауна
|
| 610 |
1 |
|
|a биостратиграфическое расчленение
|
| 610 |
1 |
|
|a фациальные изменения
|
| 610 |
1 |
|
|a систематический состав
|
| 610 |
1 |
|
|a авторефераты диссертаций
|
| 610 |
1 |
|
|a Коллекция кафедры общей геологии
|
| 610 |
1 |
|
|a дары библиотеке
|
| 675 |
|
|
|a 551.734(04)
|v 4
|
| 675 |
|
|
|a 563.6(04)
|v 4
|
| 700 |
|
1 |
|a Ивания
|b В. А.
|
| 712 |
0 |
2 |
|a Ленинградский государственный университет
|c (1924-1991)
|2 stltpush
|3 (RuTPU)RU\TPU\col\77
|9 23175
|
| 801 |
|
1 |
|a RU
|b 63413507
|c 20211001
|
| 801 |
|
2 |
|a RU
|b 63413507
|c 20220302
|g RCR
|
| 942 |
|
|
|c BK
|